| 000 | 00833nas a2200277 4500 | ||
|---|---|---|---|
| 001 | BR2011001221 | ||
| 003 | BR-BrBNA | ||
| 005 | 20231205114853.0 | ||
| 007 | ta | ||
| 008 | 230509b bl.|||p| |||| 00| 00por d | ||
| 040 |
_aBR-BrBNA _bpor _cBiblioteca Nacional de Agricultura |
||
| 041 | _a(Pt) | ||
| 072 | _aH10 | ||
| 100 | 1 | _aMartins, G.M. | |
| 100 | 1 | _aToscano, L.C. | |
| 100 | 1 | _aTomquelski, G.V. | |
| 100 | 1 | _aMaruyama, W.I. | |
| 245 | 1 | _aEficiência de inseticidas no controle de Dalbulus maidis (Hemiptera: cicadellidae)na cultura do milho | |
| 650 | _aMILHO | ||
| 650 | _aPRAGA DE PLANTA | ||
| 650 | _aINSETO | ||
| 650 | _aALAGOAS | ||
| 773 | 0 |
_tRevista Caatinga (Brazil) _xISSN 0100-316X _g(Oct-Dec 2008), v. 21(4) p. 186-190 _wBR2011001221 |
|
| 909 |
_a202311 _bLúcia _c55 _dLúcia Elande |
||
| 942 |
_2AGRIS _n0 _cANA |
||
| 999 |
_c210930 _d210930 |
||